| 000 | 01063nam0a22002651 4500 | ||
|---|---|---|---|
| 001 | v19\rc\1555633 | ||
| 005 | 20250618185303.0 | ||
| 035 | _a(NLR Aleph) 004669547 | ||
| 090 |
_a3659465 _c3659465 |
||
| 100 | _a20060620d1904 |||y0rusy50 ca | ||
| 101 | 0 | _arus | |
| 102 | _aRU | ||
| 105 | _aa z |||a| | ||
| 200 | 1 |
_aЧто страница - то рассказ _eКнижка для маленьких деток _eС 8 хромолитогр. картинами Э. Гардинг и 25 рис. в тексте _f[Соч.] Р. Николаева |
|
| 205 | _a2-е изд. | ||
| 210 |
_aСанкт-Петербург _aМосква _cт-во М.О. Вольф _d1904 _eСанкт-Петербург |
||
| 215 |
_a[4], 26 с., 1 л. фронт. (ил.), 7 л. ил. _cил. _d25 |
||
| 316 |
_aЭкземпляр РНБ (38.36.2.38): утрачен _5NLR: 38.36.2.38 |
||
| 700 | 1 |
_aНиколаев _bР. |
|
| 702 | 1 |
_aГардинг _bЭ. _4440 |
|
| 801 | 0 |
_aRU _bNLR _gpsbo |
|
| 801 | 1 |
_aRU _bProSoft-M _2rusmarc |
|
| 852 |
_aNLR _j38.36.2.38 |
||
| 942 | _cBOOK | ||
| 980 | _aNB | ||